书目信息 |
| 题名: |
发现粤商
|
|
| 作者: | 欧人 编著 | |
| 分册: | ||
| 出版信息: | 广州 花城出版社 2002 |
|
| 页数: | 223页 | |
| 开本: | 21cm | |
| 丛书名: | ||
| 单 册: | ||
| 中图分类: | F718 | |
| 科图分类: | ||
| 主题词: | 商业史--研究--广东省 | |
| 电子资源: | ||
| ISBN: | 7-5360-3709-0 | |
| 000 | 00888nam0 2200241 450 | |
| 001 | 192004003874 | |
| 005 | 20070914161219.70 | |
| 010 | @a7-5360-3709-0@dCNY11.80 | |
| 100 | @a20070602d2002 ekmy0chiy0121 ea | |
| 101 | 0 | @achi |
| 102 | @aCN@b440000 | |
| 105 | @ay z 000yy | |
| 200 | 1 | @a发现粤商@Afa xian yue shang@e当代广东商人全方位透视@f欧人编著 |
| 210 | @a广州@c花城出版社@d2002 | |
| 215 | @a223页@d21cm | |
| 300 | @a其他题名:当代广东商人全方位透视 | |
| 330 | @a本书从粤商的历史、血缘、文化、共同心理素质等方面,全景式地记述了粤商的由来、发展、鼎盛和未来。全书以粤商的发展为主线,重点放在近二十年来粤商的发展状况。真实感强烈,案例分析切合实际。 | |
| 517 | 1 | @a当代广东商人全方位透视@Adang dai guang dong shang ren quan fang wei tou shi |
| 606 | 0 | @a商业史@x研究@y广东省 |
| 690 | @aF718@v4 | |
| 701 | 0 | @a欧人@Aou ren@4编著 |
| 801 | 0 | @aCN@c20070914 |
| 905 | @dF718@eO325 | |
| 发现粤商:当代广东商人全方位透视/欧人编著.-广州:花城出版社,2002 |
| 223页;21cm |
| 其他题名:当代广东商人全方位透视 |
| ISBN 7-5360-3709-0:CNY11.80 |
| 本书从粤商的历史、血缘、文化、共同心理素质等方面,全景式地记述了粤商的由来、发展、鼎盛和未来。全书以粤商的发展为主线,重点放在近二十年来粤商的发展状况。真实感强烈,案例分析切合实际。 |
| ● |
| 相关链接 |
|
|
|
正题名:发现粤商
索取号:F718/O325
 
预约/预借
| 序号 | 登录号 | 条形码 | 馆藏地/架位号 | 状态 | 备注 |
| 1 | 620663 | 206206639 | 社科库409/409社科库 46排1列5层/ [索取号:F718/O325] | 在馆 | |
| 2 | 620664 | 206206648 | 社科库409/409社科库 46排1列5层/ [索取号:F718/O325] | 在馆 | |
| 3 | 620665 | 206206657 | 社科库409/409社科库 46排1列5层/ [索取号:F718/O325] | 在馆 |